Ministri del governo Meloni - Statistics

Statistiche generali
  • Questo quiz è stato fatto 30 volte
  • Il punteggio medio è 8 su 15
Statistiche sulle risposte
con Immagini Hint Risposta % Corretto
Affari Esteri e Cooperazione internazionale Antonio Tajani
84%
Giustizia Carlo Nordio
80%
Difesa Guido Crosetto
80%
Infrastrutture e Trasporti Matteo Salvini
80%
Turismo Daniela Santanché
68%
Interno Matteo Piantedosi
68%
Istruzione e Merito Giuseppe Valditara
56%
Agricoltura, Sovranità alimentare e Foreste Francesco Lollobrigida
48%
Economia e Finanze Giancarlo Giorgetti
48%
Cultura Alessandro Giuli
32%
Università e Ricerca Anna Bernini
28%
Salute Orazio Schillaci
28%
Imprese e Made in Italy Adolfo Urso
24%
Ambiente e Sicurezza energetica Gilberto Fratin
16%
Lavoro e Politiche sociali Marina Calderone
12%
Nessun quiz corrispondente trovato
Distribuzione punteggi
Percentuale di utenti per punteggio
Percentile per numero di risposta
I tuoi punteggi nel tempo
Non hai fatto questo quiz